| 000 | 00896nam a2200277 i 4500 | ||
|---|---|---|---|
| 001 | 40261 | ||
| 003 | ES-MaACL | ||
| 005 | 20250804010907.0 | ||
| 007 | t| | ||
| 008 | 030305s1977 sp ||||1| spa d | ||
| 020 | _a84-85277-25-2 | ||
| 080 | _a621.311.25(460) | ||
| 080 | _a502.55(04) | ||
| 100 | 1 |
_aCarrasco, Carlos. _935523 |
|
| 245 | 1 | 0 |
_aIntroducción a una ecología política _b: medio ambiente y centrales nucleares / _cCarlos Carrasco. |
| 260 |
_a[Madrid] : _bEdiciones de la Torre, _c[1977] |
||
| 300 |
_a238 p. ; _c18 cm. |
||
| 490 | 1 | _aEl libro de bolsillo. Vida | |
| 500 | _aBiblioteca Juan Andrade. | ||
| 650 | 1 | 4 |
_aContaminación. _911316 |
| 650 | 1 | 4 |
_aCentrales nucleares- _zEspaña. _910884 |
| 830 | 0 | 3 |
_aEl libro de bolsillo. _pVida _9229737 |
| 852 |
_aES-MaACL _jA-7221 _bR.96170 |
||
| 852 |
_aES-MaACL _jAND-880 _bR.110168 |
||
| 999 |
_c40261 _d40261 |
||